Misiones ecuatorianas en archivos europeos / (Record no. 39744)
[ view plain ]
| 000 -CABECERA | |
|---|---|
| campo de control de longitud fija | 00653nam a2200181 a 4500 |
| 005 - FECHA Y HORA DE LA ÚLTIMA TRANSACCIÓN | |
| campo de control | 20210223122700.0 |
| 035 ## - NÚMERO DE CONTROL DEL SISTEMA | |
| Número de control de sistema | UPN01000039744 |
| 049 ## - COLECCIÓN | |
| Colección | CG |
| 050 #4 - SIGNATURA TOPOGRÁFICA DE LA BIBLIOTECA DEL CONGRESO | |
| Número de clasificación | F3715 |
| Número de documento/Ítem | V3.4 |
| 100 1# - ASIENTO PRINCIPAL--NOMBRE PERSONAL | |
| Nombre de persona | Vargas, José María, Fray |
| 245 10 - MENCIÓN DE TÍTULO | |
| Título | Misiones ecuatorianas en archivos europeos / |
| Mención de responsabilidad, etc. | Fray José María Vargas. |
| 260 ## - PUBLICACIÓN, DISTRIBUCIÓN, ETC. | |
| Lugar de publicación, distribución, etc. | México : |
| Nombre del editor, distribuidor, etc. | Instituto Panamericano de Geografía e Historia, |
| Fecha de publicación, distribución, etc. | 1956. |
| 300 ## - DESCRIPCIÓN FÍSICA | |
| Extensión | 192 p. |
| 440 #0 - MENCIÓN DE SERIE/ASIENTO SECUNDARIO--TÍTULO | |
| Título | Misiones americanas en los archivos europeos ; |
| Designación de volumen o secuencia | 9 |
| 440 #1 - MENCIÓN DE SERIE/ASIENTO SECUNDARIO--TÍTULO | |
| Título | [Publicaciones] / Instituto Panamericano de Geografía e Historia. |
| Nombre de parte o sección de la obra | Comisión de Historia ; |
| Designación de volumen o secuencia | 80 |
| 651 #4 - ASIENTO SECUNDARIO DE MATERIA - NOMBRE GEOGRAFICO | |
| Nombre geográfico | ECUADOR - |
| Subdivisión general | HISTORIA - |
| Subdivisión de forma | FUENTES |
| 9 (RLIN) | 16874 |
| 905 ## - TIPO DE MATERIAL | |
| Tipo de material | Libro |
| Estado de retiro | Estado de pérdida | Fuente del sistema de clasificación o colocación | Estado dañado | No para préstamo | Código de colección | Localización permanente | Ubicación/localización actual | Ubicación en estantería | Total de préstamos | Clasificación | Código de barras | Fecha visto por última vez | Número de copia | Tipo de ítem Koha |
|---|---|---|---|---|---|---|---|---|---|---|---|---|---|---|
| Library of Congress Classification | Colección General | Bib. Gregorio Torres Quintero | Bib. Gregorio Torres Quintero | Planta baja | F3715 V3.4 | 40490 | 31/12/2020 | 1 | Libro |
